000 00483nam a2200193 a 4500
001 993
003 CO-ViMGA
008 141112s2004 ck r 000 u spa d
040 _aCO-ViMGA
_bspa
_cCO-ViMGA
082 0 4 _a745.5 C653m
100 1 _aColectivo de artesanos Werken
_948996
245 1 0 _aMóviles de maderas
260 _aBarcelona :
_bCeac,
_c1992
300 _a31 p : il
490 _aHobby creativo
650 1 4 _aARTESANIAS
_94191
650 1 4 _aMOVILES
942 _2ddc
_cBK
999 _c13217
_d13217